| 000 | 00668nam a2200241Ia 4500 | ||
|---|---|---|---|
| 008 | 131103s9999 xx 000 0 und d | ||
| 020 |
_a8170460557 _cRs 150 |
||
| 040 | _aLoreto College | ||
| 041 | _aEnglish | ||
| 082 |
_a791.43/ROB _bLCLIB/44275 |
||
| 100 | _aRoberge, Gaston | ||
| 245 | 4 |
_aThe subject of cinema _cGaston Roberge |
|
| 260 |
_aCalcutta; New Delhi _bSeagull _c1985 (rep 2005) |
||
| 300 |
_axv,259 _b Plates _c 22 cm |
||
| 440 | _aThe Rita Ray memorial lectures, 1987 | ||
| 504 | _aIncludes index | ||
| 630 | _aCinema | ||
| 630 | _aFilms | ||
| 650 | _aMotion Pictures | ||
| 651 | _aFilm Studies | ||
| 850 | _aLCLIB/791.43/ROB | ||
| 942 | _cBK | ||
| 999 |
_c11471 _d61950 |
||